000 00739cam a2200205 a 4500
020 _a0155318624
050 0 0 _aPE1112
_b.H6 1990
245 0 0 _aHarbrace college handbook /
_cJohn C. Hodges, Marry E. Whitten, Winfred B. Horner, Suzanne S. Webb
250 _a11th ed.
260 _aSan Diego :
_bHarcourt Brace Jovanovich,
_cc1990.
300 _axxiii, 576, 24 p. ;
500 _aSpine title: Hodges' Harbrace college handbook.
500 _aRev. ed. of: Harbrace college handbook / John C. Hodges. 10th ed. c1986.
500 _aIncludes index.
650 0 _xGrammar
_xHandbooks, manuals, etc.
650 0 _xRhetoric
_xHandbooks, manuals, etc.
700 1 _aHodges, John Cunyus,
700 1 _aHodges, John Cunyus,
942 _2lcc
_cGEN
999 _c12507
_d12507